000 00217nam a22000857a 4500
008 160712b xxu||||| |||| 00| 0 eng d
100 _92629
_a Dahmen, J
245 _aI Love Life
260 _aTennessee
_b Broadman Press
_c1989
999 _c2283
_d2283